Can Public Discussion Enhance Program Ownership? /

We use the concepts of deliberative democracy from political science and cheap talk from economics to develop a better understanding of how public discussion can contribute to building and demonstrating ownership of IMF programs and hence to program success. We argue that ownership is more complex t...

وصف كامل

التفاصيل البيبلوغرافية
المؤلف الرئيسي: Isard, Peter
مؤلفون آخرون: Drazen, Allan
التنسيق: دورية
اللغة:English
منشور في: Washington, D.C. : International Monetary Fund, 2004.
سلاسل:IMF Working Papers; Working Paper ; No. 2004/163
الموضوعات:
الوصول للمادة أونلاين:Full text available on IMF
LEADER 01867cas a2200265 a 4500
001 AALejournalIMF003148
008 230101c9999 xx r poo 0 0eng d
020 |c 5.00 USD 
020 |z 9781451857962 
022 |a 1018-5941 
040 |a BD-DhAAL  |c BD-DhAAL 
100 1 |a Isard, Peter. 
245 1 0 |a Can Public Discussion Enhance Program Ownership? /  |c Peter Isard, Allan Drazen. 
264 1 |a Washington, D.C. :  |b International Monetary Fund,  |c 2004. 
300 |a 1 online resource (31 pages) 
490 1 |a IMF Working Papers 
500 |a <strong>Off-Campus Access:</strong> No User ID or Password Required 
500 |a <strong>On-Campus Access:</strong> No User ID or Password Required 
506 |a Electronic access restricted to authorized BRAC University faculty, staff and students 
520 3 |a We use the concepts of deliberative democracy from political science and cheap talk from economics to develop a better understanding of how public discussion can contribute to building and demonstrating ownership of IMF programs and hence to program success. We argue that ownership is more complex than many discussions of it would suggest, since it must include not only the willingness to carry out a program, but also the technical capacity and especially the political ability to do so. Public discussion can serve a number of purposes, each of which can be better understood by moving to a more formal treatment. We illustrate our points by means of simple examples. We also consider some of the drawbacks of public discussion, especially as applied to IMF programs. 
538 |a Mode of access: Internet 
651 7 |a Senegal  |2 imf 
700 1 |a Drazen, Allan. 
830 0 |a IMF Working Papers; Working Paper ;  |v No. 2004/163 
856 4 0 |z Full text available on IMF  |u http://elibrary.imf.org/view/journals/001/2004/163/001.2004.issue-163-en.xml  |z IMF e-Library